lettres de l'alphabet - Statistiques

Statistiques générales
  • Ce quiz a été pris 316 fois
  • Le résultat moyen est 23 sur 26
Statistiques - réponses
lettres % Correct
a
100%
e
96%
b
94%
c
94%
d
94%
i
92%
f
91%
g
91%
h
91%
j
89%
l
88%
o
88%
k
87%
m
87%
r
86%
p
85%
n
84%
q
84%
s
84%
t
84%
u
83%
v
79%
w
79%
y
77%
x
76%
z
76%
Aucun quiz correspondant
Distribution des résultats
% des personnes avec chaque résultat
Percentile par nombre de réponses
Votre historique - résultats
Vous n’avez pas pris ce quiz